Importantes mejoras en el acceso a Montserrat, para abril de 1952 : carretera de 15 m. de ancho, 25.000 m3 de desmonte y 6500 de muros de mampostería / carretera de 15 m. de ancho, 25.000 m3 de desmonte y 6500 de muros de mampostería /
Colección:
San Jorge,
; núm. 5 (gener 1952), pàg. 59
Materias:
Montserrat (Monestir)
; Carreteres -- Barcelona (Província) -- Disseny i construcció
; Carreteres -- Montserrat (Catalunya : Massís) -- Disseny i construcció
Idioma:
Español
MARC
| LEADER | 00000naa a2200000 a 4500 | ||
|---|---|---|---|
| 003 | Arxiu | ||
| 005 | 20260324181027.0 | ||
| 008 | 160829s1952 spc xx s spa c | ||
| 040 | |a agdb | ||
| 100 | |a Ulsamer, Federico |9 20282 | ||
| 245 | 1 | 0 | |a Importantes mejoras en el acceso a Montserrat, para abril de 1952 : |b carretera de 15 m. de ancho, 25.000 m3 de desmonte y 6500 de muros de mampostería / |c F. Ulsamer, de Solidaridad Nacional |
| 490 | |a San Jorge, |v núm. 5 (gener 1952), pàg. 59 | ||
| 610 | 2 | 0 | |9 54252 |a Montserrat (Monestir) |
| 650 | 0 | |a Carreteres |z Barcelona (Província) |x Disseny i construcció |9 42899 | |
| 650 | 0 | |a Carreteres |z Montserrat (Catalunya : Massís) |x Disseny i construcció |9 21732 | |
| 773 | |g Núm. 5 (gener 1952), pàg. 59 |t San Jorge. | ||
| 901 | |a Arxiu | ||
| 942 | |n 1 |2 udc |c ART | ||
| 952 | |0 0 |1 0 |4 0 |6 REV508 |7 1 |9 64630 |a Arxiu |b Arxiu |d 2022-12-02 |l 0 |o Rev-508 |r 2022-12-02 00:00:00 |w 2022-12-02 |y ARXIU |z També disponible a Rev-521 | ||
| 999 | |c 44236 |d 44236 | ||